|
|
|
|
| LEADER |
00000nam a2200000 a 4500 |
| 001 |
UCV3593 |
| 003 |
CL-VaPUC |
| 008 |
930923e19920000FR |||||||||||||||||fre|d |
| 082 |
0 |
4 |
|a 342.44
|b COD
|2 21
|
| 245 |
1 |
0 |
|a Code administratif
|
| 250 |
|
|
|a 22a. ed
|
| 300 |
|
|
|a 1641 p
|
| 942 |
|
|
|c BK
|
| 945 |
|
|
|d 19930923 00:00:00
|
| 260 |
|
|
|a París
|b Dalloz
|c 1992
|
| 650 |
|
0 |
|a Derecho administrativo
|9 254851
|
| 651 |
|
0 |
|a Francia
|9 255157
|
| 583 |
|
|
|a last modification
|c 19930923 00:00:00
|k Rodrigo Vera
|
| 999 |
|
|
|c 210746
|d 210744
|
| 952 |
|
|
|0 0
|1 0
|4 0
|6 342_440000000000000_COD_1992
|7 0
|8 A
|9 187222
|a BIBDER
|b BIBDER
|d 2019-11-14
|i 2549204
|o 342.44 COD 1992
|p 2549204
|r 2023-01-25
|w 2019-11-14
|y BK
|k DER
|